| 000 | 00656nam a2200169 i 4500 | ||
|---|---|---|---|
| 001 | 161128 | ||
| 003 | ES-MaACL | ||
| 005 | 20230906212211.0 | ||
| 008 | 041019s1855 sp |||| | spa d | ||
| 100 | 1 |
_aO'Ryan de Acuña, Daniel. _9130577 |
|
| 245 | 1 | 0 |
_aCuestión de Cuba a principios de 1855 : _bapunte / _cpor Daniel O'Ryan de Acuña. |
| 260 |
_aMadrid : _b[s.n.], _c1855 ( _fImp. de Pedro Montero) |
||
| 300 |
_a30 p. ; _c21 cm. |
||
| 651 | 4 |
_aCuba- _xPolítica y gobierno- _y1810-1899. _9172948 |
|
| 651 | 4 |
_aCuba- _xHistoria- _y1810-1899. _9148036 |
|
| 852 | 4 |
_aES-MaACL _jT-43-F-14 _z- Enc. hol., falto de cub. original _z- Enc. en un vol. facticio |
|
| 999 |
_c161128 _d161128 |
||